000 00970nam a2200229 a 4500
005 20180803165104.0
008 140311nxx ck ad||fr|||| 00| 0 spa d
040 _aCO-BoIAVH
_cCO-BoIAVH
041 0 _aspa
044 _ack
082 0 4 _a333.7060861
_bE79m
245 0 0 _aEstablecimiento de mecanismo para la protección ambiental :
_beducación ambiental para microempresarios
246 4 1 _aMicroempre y medio ambiente :
_bMódulos específicos
260 _aBogotá (Colombia) :
_bBanco Interamericano de Desarrollo :
_bCorporación para el Desarrollo de las Microempresas :
_bDepartamento Nacional de Planeación :
_bCENSAT,
_c[s.f.].
300 _a2 volúmenes :
_bilustraciones y tablas ;
_c29 x 28 cm.
650 2 4 _aPequeñas empresas
_xAspectos ambientales
650 2 4 _aProducción sostenible
_xAspectos ambientales
650 2 6 _aImpacto ambiental
650 2 6 _aGestión ambiental
662 _aColombia
942 _cLIBRO
_2ddc
999 _c3439
_d3439